[Event "Espoo"]
[Site "Espoo"]
[Date "1988.??.??"]
[Round "9"]
[White "Bjerke, Richard"]
[Black "Pyhala, Antti"]
[Result "1-0"]
[WhiteElo "2310"]
[BlackElo "2360"]

1.e4 c5 2.Nf3 e6 3.d4 cxd4 4.Nxd4 Nc6 5.Nb5 d6 6.Bf4 e5 7.Be3 Be6 8.N1c3 a6
9.Na3 b5 10.Nd5 Rb8 11.c4 b4 12.Nc2 a5 13.Be2 Be7 14.O-O Nf6 15.Bf3 h6 16.b3 O-O
17.a3 Nd7 18.axb4 Bxd5 19.Qxd5 Nxb4 20.Nxb4 Rxb4 21.Bd1 Nc5 22.Bd2 Nxb3 23.Bxb4 Nxa1
24.Bc3 Qb6 25.Bxa1 Rc8 26.Bh5 Kh8 27.Qxf7 Qa7 28.Bg4 Rf8 29.Qd5 a4 30.Bf5 a3
31.g3 a2 32.c5 dxc5 33.Bxe5 Qa4 34.Qe6 Bf6 35.Bxf6 gxf6 36.Qe7  1-0

[Event "FIN-EST"]
[Site "?"]
[Date "1988.??.??"]
[Round "2"]
[White "Westerinen, Heikki MJ"]
[Black "Kiik, Kalle"]
[Result "1/2-1/2"]
[WhiteElo "2395"]
[BlackElo "2370"]

1.e4 c5 2.Nf3 e6 3.d4 cxd4 4.Nxd4 Nc6 5.Nb5 d6 6.Bf4 e5 7.Be3 Be6 8.c4 Nf6
9.f3 Be7 10.Be2 O-O 11.O-O Ne8 12.N1c3 Bg5 13.Bf2 g6 14.c5 Be7 15.cxd6 Nxd6
16.Nxd6 Bxd6  1/2-1/2

[Event "Kassel"]
[Site "Kassel"]
[Date "1988.??.??"]
[Round "?"]
[White "Donchev, Dimitar I"]
[Black "Marjanovic, Slavoljub"]
[Result "1/2-1/2"]
[WhiteElo "2470"]
[BlackElo "2480"]

1.e4 c5 2.Nf3 e6 3.d4 cxd4 4.Nxd4 Nc6 5.Nb5 d6 6.Bf4 e5 7.Be3 Nf6 8.Bg5 Be6
9.N1c3 a6 10.Bxf6 gxf6 11.Na3 Rc8 12.Nc4 Nd4 13.Nd5 f5 14.c3 fxe4 15.Ncb6 Bxd5
16.Nxc8 e3 17.cxd4 Qa5+ 18.Ke2 Qb5+ 19.Kxe3 Qxb2 20.Be2 Bxg2 21.Rg1 Qc3+
22.Bd3 Qxd4+ 23.Ke2 Bc6 24.Rc1 d5 25.Qb3 Bc5 26.Rxc5 Qxc5 27.Qb6 Qxb6 28.Nxb6 Kd8
29.Rc1 Ke7 30.a4 Kd6 31.a5 e4 32.Bb1 f5 33.Ke3 Ke5 34.f4+ exf3 35.Kxf3 d4+
36.Kf2 Rg8 37.Rc5+ Kd6 38.Rxf5 Rg2+ 39.Ke1 Rxh2 40.Bd3 Rh1+ 41.Kd2 Rh2+ 42.Ke1  1/2-1/2

[Event "Luxembourg op"]
[Site "Luxembourg"]
[Date "1988.??.??"]
[Round "6"]
[White "David, Alberto"]
[Black "Horvath, Gyula"]
[Result "0-1"]
[WhiteElo "2365"]
[BlackElo "2440"]

1.e4 c5 2.Nf3 e6 3.d4 cxd4 4.Nxd4 Nc6 5.Nb5 d6 6.c4 Nf6 7.N1c3 a6 8.Na3 b6
9.Be2 Bb7 10.O-O Nb8 11.Qc2 Be7 12.Be3 O-O 13.f4 Nbd7 14.Bf3 Qc7 15.Rac1 Rac8
16.g4 d5 17.e5 Bxa3 18.bxa3 d4 19.Bxb7 Nxg4 20.Bxd4 Qxb7 21.Ne4 Qc6 22.Nd6 Rc7
23.Qb3 Nc5 24.Qg3 Nh6 25.Rc2 Nf5 26.Nxf5 exf5 27.Bxc5 Qxc5+ 28.Kh1 Qd4 29.Rg2 g6
30.h4 Rxc4 31.h5 Rc3 32.Qh4 Qe3 33.Re1 Qh3+ 34.Qxh3 Rxh3+ 35.Rh2 Rf3 36.e6 Rxf4
37.Rd2 Rh4+ 38.Kg2 fxe6 39.Rxe6 Rxh5 40.Rxb6 f4 41.Rd3 a5 42.a4 Kg7 43.Rb5 Rhf5
44.Kf3 h5 45.Rd7+ R8f7 46.Rd8 g5 47.Ke4 Rxb5 48.axb5 f3  0-1

[Event "Oslo"]
[Site "Oslo"]
[Date "1988.??.??"]
[Round "?"]
[White "Westerinen, Heikki MJ"]
[Black "Poulsson, Eivind"]
[Result "1-0"]
[WhiteElo "2395"]
[BlackElo "2345"]

1.e4 c5 2.Nf3 Nc6 3.d4 cxd4 4.Nxd4 e6 5.Nb5 d6 6.Bf4 e5 7.Be3 Nf6 8.f3 a6
9.N5c3 b5 10.Be2 Bb7 11.O-O Be7 12.a4 bxa4 13.Rxa4 O-O 14.Qd2 a5 15.Nd5 Nxd5
16.exd5 Nd4 17.Nc3 Nxe2+ 18.Nxe2 Qc7 19.Rfa1 Rfc8 20.c4 Bd8 21.b3 Qd7 22.Kh1 Qf5
23.Nc3 Ba6 24.Ne4 Qg6 25.Bf2 f5 26.Ng3 h5 27.Qd3 Rcb8 28.Nxf5 Kh8 29.Rd1 Bc8
30.Ng3 Qxd3 31.Rxd3 Bd7 32.Ra1 a4 33.h3 a3 34.Ne4 Bf5 35.c5 Bxe4 36.fxe4 Rb4
37.cxd6 Rxe4 38.Bc5 Re2 39.Rxa3 Rxa3 40.Bxa3 e4 41.Rc3 Bf6 42.d7 Kh7 43.Rc8 h4
44.Bd6 Re1+ 45.Kh2 Bd4 46.Rh8+  1-0

[Event "Poznan op"]
[Site "Poznan"]
[Date "1988.??.??"]
[Round "5"]
[White "Maslowski, Tomasz"]
[Black "Flis, Jacek"]
[Result "0-1"]
[WhiteElo "2255"]
[BlackElo "2335"]

1.e4 c5 2.Nf3 e6 3.d4 cxd4 4.Nxd4 Nc6 5.Nb5 d6 6.c4 Nf6 7.N1c3 a6 8.Na3 Be7
9.Be2 O-O 10.O-O Ne5 11.f4 Ned7 12.Bf3 Rb8 13.Qe2 Qc7 14.Be3 b6 15.g4 Bb7
16.g5 Ne8 17.Rac1 Rc8 18.Nab1 Qb8 19.Nd2 Bd8 20.Nb3 Qa8 21.Nd4 Nc5 22.Bd2 b5
23.b4 e5 24.Nf5 Ne6 25.fxe5 dxe5 26.Nd5 Rxc4 27.Rxc4 bxc4 28.Nde7+ Kh8 29.Qxc4 Bxe7
30.Nxe7 Nd6 31.Qd3 Nxe4 32.Bg4 Rd8 33.Qh3 Rxd2 34.Bxe6 Qa7+  0-1

[Event "Thessaloniki ol (Men)"]
[Site "Thessaloniki"]
[Date "1988.??.??"]
[Round "6"]
[White "Santana, Orlando"]
[Black "Bellon Lopez, Juan Manuel"]
[Result "0-1"]
[WhiteElo "2200"]
[BlackElo "2450"]

1.e4 c5 2.Nf3 e6 3.d4 cxd4 4.Nxd4 Nc6 5.Nb5 d6 6.a4 a6 7.N5c3 Nf6 8.Be2 b6
9.Be3 Bb7 10.Na3 Ne5 11.f3 Qc7 12.O-O Rc8 13.Qd4 Ned7 14.Kh1 d5 15.exd5 Bc5
16.Qd2 exd5 17.Bf4 Qd8 18.Rfe1 O-O 19.Bd3 Re8 20.Ne2 Nh5 21.Bf5 g6 22.Bg4 Nxf4
23.Bxd7 Be3 24.Nxf4 Bxd2 25.Rxe8+ Qxe8 26.Bxe8 Rxe8 27.Nd3 Kg7 28.Rd1 Bg5
29.Kg1 Rc8 30.c3 d4 31.cxd4 Be3+ 32.Nf2 Bd5 33.Kf1 b5 34.axb5 axb5 35.Ng4 Bc1
36.Kf2 b4 37.Nb5 Rc2+ 38.Kg3 g5 39.h4 Bf4+ 40.Kh3 h5 41.hxg5 hxg4+ 42.Kxg4 Bb8  0-1

[Event "Thessaloniki ol (Men)"]
[Site "Thessaloniki"]
[Date "1988.??.??"]
[Round "7"]
[White "Hernandez, Gilberto"]
[Black "Renet, Olivier"]
[Result "0-1"]
[WhiteElo "2320"]
[BlackElo "2440"]

1.e4 c5 2.Nf3 e6 3.d4 cxd4 4.Nxd4 Nc6 5.Nb5 d6 6.c4 Nf6 7.N1c3 a6 8.Na3 Be7
9.Be2 O-O 10.O-O b6 11.Be3 Ne5 12.f4 Ned7 13.Bf3 Bb7 14.Qe2 Qc7 15.Rad1 Rac8
16.g4 d5 17.cxd5 Bxa3 18.bxa3 Qxc3 19.g5 Nxd5 20.exd5 Bxd5 21.Bxd5 exd5 22.Bd4 Qxa3
23.f5 Rfe8 24.Qh5 Ne5 25.f6 Rc4 26.Kh1 Qb4 27.a3 Qa4 28.Bxe5 Rxe5 29.fxg7 Rf4
30.Rde1 Qc4  0-1

[Event "Zalakaros op"]
[Site "Zalakaros"]
[Date "1988.??.??"]
[Round "1"]
[White "Nagy, Janos"]
[Black "Karsa, Laszlo"]
[Result "0-1"]
[WhiteElo "2220"]
[BlackElo "2400"]

1.e4 c5 2.Nf3 Nc6 3.d4 cxd4 4.Nxd4 e6 5.Nb5 d6 6.Bf4 e5 7.Be3 Nf6 8.Bg5 Be6
9.N1c3 a6 10.Bxf6 gxf6 11.Na3 d5 12.exd5 Bxa3 13.bxa3 Qa5 14.Qd2 O-O-O 15.Bc4 Rhg8
16.Ne4 Qxd2+ 17.Nxd2 Bxd5 18.Bxd5 Rxd5 19.Nc4 Rc5 20.Ne3 Nd4 21.O-O-O f5
22.g3 Rd8 23.Rd2 f4 24.gxf4 exf4 25.Rhd1 fxe3 26.Rxd4 Rxd4 27.Rxd4 exf2 28.Rf4 f5
29.Rxf2 Kd7 30.Rg2 Kd6 31.Kd2 Re5 32.Rg7 Re7 33.Rg3 Ke5 34.Re3+ Kf6 35.Rxe7 Kxe7
36.Ke3 Ke6 37.Kf4 Kf6 38.a4 a5 39.h4 h6 40.a3 Ke6 41.Kf3 Ke5 42.Ke3 f4+ 43.Kf3 Kf5  0-1

[Event "BRA-ch"]
[Site "Fortaleza"]
[Date "1989.08.??"]
[Round "10"]
[White "Tsuboi, Edson Kenji"]
[Black "Sunye Neto, Jaime"]
[Result "1/2-1/2"]
[WhiteElo "2305"]
[BlackElo "2510"]

1.e4 c5 2.Nf3 e6 3.d4 cxd4 4.Nxd4 Nc6 5.Nb5 d6 6.c4 a6 7.N5c3 Nf6 8.Be2 Be7
9.O-O O-O 10.Be3 b6 11.Qb3 Nd7 12.Rd1 Qc7 13.Na3 Nc5 14.Qc2 Bf6 15.Rab1 Nb4
16.Qd2 Rd8 17.Bf4 Be7 18.f3 Bb7 19.Ncb5 axb5 20.Nxb5 Qc6 21.Qxb4 Rxa2 22.Ra1 Rxa1
23.Rxa1 h5 24.Rd1 g5 25.Be3 g4 26.Nd4 Qc7 27.Qd2 gxf3 28.gxf3 Kh8 29.Nb5 Qd7
30.Bxc5 Kh7 31.Bxd6 Rg8+ 32.Kh1 e5 33.Rg1 Rxg1+ 34.Kxg1 f5 35.Qb4 Bf6 36.c5 fxe4
37.fxe4 Qg7+ 38.Kf1 Bc8 39.Qc3 bxc5 40.Qg3 Qf7 41.Bxe5 Bxe5+ 42.Qf2 Bh3+
43.Ke1 Qb3 44.Qxc5 Qxb2 45.Qe7+ Bg7 46.Qg5 Qe5 47.Qxh5+  1/2-1/2

[Event "Alicante op2"]
[Site "Alicante"]
[Date "1989.??.??"]
[Round "?"]
[White "Sanz Alonso, Francisco Javier"]
[Black "Brito, Alfredo"]
[Result "1/2-1/2"]
[WhiteElo "2420"]
[BlackElo "2360"]

1.e4 c5 2.Nf3 e6 3.d4 cxd4 4.Nxd4 Nc6 5.Nb5 d6 6.c4 Nf6 7.N5c3 a6 8.Be2 b6
9.O-O Bb7 10.Re1 Be7 11.Be3 Rc8 12.Nd2 O-O 13.Bf1 Re8 14.h3 d5 15.exd5 exd5
16.Nxd5 Nxd5 17.cxd5 Qxd5 18.Nc4 Qxd1 19.Rexd1 b5 20.Nd6 Bxd6 21.Rxd6 Ne5
22.Rb6 Rc7 23.Rc1 Rxc1 24.Bxc1 Bc8 25.b3 Re6 26.Be3 Rxb6 27.Bxb6 Be6 28.f3 Kf8
29.Kf2 Ke7 30.Bc5+ Kd7 31.Ke3 f6 32.f4 Nc6 33.Bd3 g6 34.g4 Ne7 35.Bxe7 Kxe7
36.Kd4 Kd6 37.Be4 b4 38.Bd3 a5 39.Bc4 Bc8 40.Bf7 g5 41.Bg8  1/2-1/2

[Event "EU-ch U20"]
[Site "Arnhem"]
[Date "1989.??.??"]
[Round "?"]
[White "Fogarasi, Tibor"]
[Black "Pedzich, Dominik"]
[Result "1/2-1/2"]
[WhiteElo "2395"]
[BlackElo "2365"]

1.e4 c5 2.Nf3 e6 3.d4 cxd4 4.Nxd4 Nc6 5.Nb5 d6 6.c4 Nf6 7.N1c3 a6 8.Nd4 Be7
9.Be2 O-O 10.O-O Bd7 11.Be3 Rb8 12.f4 b5 13.cxb5 Nxd4 14.Qxd4 axb5 15.e5 Ne8
16.Rad1 Bc6 17.f5 dxe5 18.Qxe5 Bd6 19.fxe6 Bxe5 20.Rxd8 Rxd8 21.e7 Nc7 22.exf8=Q+ Kxf8  1/2-1/2

[Event "AUT-ch"]
[Site "?"]
[Date "1989.??.??"]
[Round "6"]
[White "Wittmann, Walter"]
[Black "Hoelzl, Franz"]
[Result "1/2-1/2"]
[WhiteElo "2400"]
[BlackElo "2350"]

1.e4 c5 2.Nf3 Nc6 3.d4 cxd4 4.Nxd4 e6 5.Nb5 d6 6.Bf4 e5 7.Be3 Nf6 8.Bg5 Qa5+
9.Bd2 Qd8 10.Bg5 Qa5+ 11.Qd2 Nxe4 12.Qxa5 Nxa5 13.Be3 Kd7 14.f3 Nf6 15.Bxa7 d5
16.f4 Nc6 17.fxe5 Bb4+ 18.c3 Re8 19.cxb4 Rxe5+ 20.Be2 Nxa7 21.Nxa7 Rxa7 22.Nc3 Ne4
23.Nb5 Ra4 24.a3 Ke7 25.Rc1 Bd7 26.Nd4 Ra8 27.O-O Nd6 28.Bd3 g6 29.Rfe1 Rxe1+
30.Rxe1+ Kf6 31.Rc1 Rc8 32.Rxc8 Bxc8 33.Kf2 Bf5 34.Bxf5 Nxf5 35.Nf3 g5 36.g4 Nd6
37.b3 h5 38.h3 Kg6 39.Ne5+ Kh6 40.a4 f6 41.Nd7 hxg4 42.hxg4 Kg6 43.b5 f5
44.gxf5+ Kxf5 45.b6 Ne4+ 46.Ke3 Ke6 47.Nf8+ Kd6 48.a5 g4 49.Ne6 Nf6 50.Nd8 Kc5
51.Nxb7+ Kb5 52.b4 Kxb4 53.Nd8 Kxa5 54.b7 Nd7 55.Nc6+  1/2-1/2

[Event "FRG-ch"]
[Site "Bad Neuenahr"]
[Date "1989.??.??"]
[Round "?"]
[White "Ruf, Matthias"]
[Black "Wegner, Hannu"]
[Result "1/2-1/2"]
[WhiteElo "2390"]
[BlackElo "2350"]

1.e4 c5 2.Nf3 e6 3.d4 cxd4 4.Nxd4 Nc6 5.Nb5 d6 6.Bf4 e5 7.Be3 a6 8.N5c3 Nf6
9.Bc4 Be6 10.Nd5 Nxe4 11.Bb6 Qg5 12.Nc7+ Kd7 13.Bxe6+ fxe6 14.Nxa8 Qxg2 15.Ke2 Qg4+
16.Ke1 Qg2 17.Ke2  1/2-1/2

[Event "Barcelona Vulca"]
[Site "Barcelona"]
[Date "1989.??.??"]
[Round "?"]
[White "Westerinen, Heikki MJ"]
[Black "Cramling, Pia"]
[Result "0-1"]
[WhiteElo "2400"]
[BlackElo "2480"]

1.e4 c5 2.Nf3 e6 3.d4 cxd4 4.Nxd4 Nc6 5.Nb5 d6 6.Bf4 e5 7.Be3 a6 8.N5c3 Nf6
9.Be2 Be7 10.O-O O-O 11.a4 Be6 12.Bf3 Nb4 13.a5 Rc8 14.Bb6 Qd7 15.Re1 Bd8
16.Bxd8 Rfxd8 17.Re2 Qc7 18.Ra4 Nc6 19.b4 b5 20.axb6 Qxb6 21.Re3 Nxb4 22.Nd2 a5
23.Nf1 Rc5 24.Ra3 Qc7 25.g4 Nd7 26.Be2 Nf8 27.Nb5 Qb6 28.Nc3 Qb8 29.Ng3 d5
30.exd5 Bxd5 31.Qc1 Ba8 32.Nf5 Ng6 33.Rb3 Qc7 34.Bf1 Nf4 35.Qb2 Rd2 36.Ne4 Rdxc2
37.Rxb4 Rxb2 38.Rxb2 Rc1 39.Nc3 h6 40.Rb5 Kh7  0-1

[Event "Lasker mem"]
[Site "Berlin"]
[Date "1989.??.??"]
[Round "4"]
[White "Wahls, Matthias"]
[Black "Fries Nielsen, Jens Ove"]
[Result "0-1"]
[WhiteElo "2535"]
[BlackElo "2425"]

1.e4 c5 2.Nf3 Nc6 3.d4 cxd4 4.Nxd4 e6 5.Nb5 d6 6.Bf4 e5 7.Be3 a6 8.N5c3 Nf6
9.Bc4 Be7 10.Nd5 Nxd5 11.Bxd5 O-O 12.Qd2 Be6 13.Nc3 Rc8 14.O-O b5 15.Bb3 Na5
16.Rfc1 h6 17.Rd1 Nc4 18.Bxc4 Rxc4 19.b3 Rc8 20.Rac1 Bg4 21.Re1 Be6 22.Red1 Bg4
23.Rf1 Be6 24.Nd5 Bg5 25.Bxg5 hxg5 26.Rfd1 Bg4 27.f3 Be6 28.Kh1 g4 29.f4 Bxd5
30.exd5 Re8 31.f5 Qf6 32.Rf1 e4 33.Qf4 e3 34.Qxg4 Re5 35.c4 bxc4 36.bxc4 e2
37.Rfe1 Rce8 38.Kg1 Re4 39.Qf3 Qd4+ 40.Qf2 Qb2 41.h3 Qxa2 42.f6 g6 43.Qb6 Rxc4
44.Ra1 Qd2 45.Qxd6 Rd4 46.Qc6 Qe3+ 47.Kh1 Qe5 48.Qxa6 Rxd5 49.Rac1 Rd6 50.Qa1 Qf4
51.Rc2 Qf2 52.Kh2 Rde6 53.Kh1 Re5 54.Rc4 Rf5 55.Kh2 Rxf6 56.Rcc1 Rf5 57.Qa4 Rfe5
58.Qg4 Qf6 59.Rc2 Qe7 60.Rc8 Rxc8 61.Qxc8+ Kg7 62.Qc3 f6 63.Qd2 Kh7 64.Kh1 f5
65.Kh2 Re4 66.Kh1 Qg7 67.Kh2 Qc7+ 68.Kh1 Qa7 69.Qd5 Qe7 70.Qd2 g5 71.Qd3 Kh6
72.Qa6+ Kh5 73.Qc8 Qf6 74.Qg8 Kh6 75.Qa2 Qd6 76.Qb2 Kh7 77.Qc2 Qe7 78.Qd3 Qe6
79.Qd2 Kg6 80.Qd3 Qf6 81.Kh2 Qe5+ 82.Kh1 Re3 83.Qd2 Kh5 84.Kg1 g4 85.hxg4+ fxg4
86.Qc2 Re4 87.Qc8 g3  0-1

[Event "Spring op"]
[Site "Budapest"]
[Date "1989.??.??"]
[Round "?"]
[White "Hardicsay, Peter"]
[Black "Horvath, Jozsef"]
[Result "0-1"]
[WhiteElo "2350"]
[BlackElo "2510"]

1.e4 c5 2.Nf3 e6 3.d4 cxd4 4.Nxd4 Nc6 5.Nb5 d6 6.c4 Nf6 7.N1c3 a6 8.Na3 b6
9.Be2 Bb7 10.O-O Nb8 11.f3 Nbd7 12.Be3 Be7 13.Rc1 O-O 14.Qd2 Rc8 15.Rfd1 Re8
16.Kh1 Qc7 17.Bf1 Qb8 18.Nc2 Kh8 19.Bg1 h6 20.Ne3 Ne5 21.Qf2 Bd8 22.Rd2 Bc7
23.Rcd1 Rcd8 24.a4 Rg8 25.Qh4 Kh7 26.Qe1 g5 27.Bf2 Rg6 28.Bg3 h5 29.a5 bxa5
30.c5 h4 31.Bxe5 dxe5 32.Rxd8 Bxd8 33.Nc4 Be7 34.Nd6 Bxd6 35.cxd6 Bc6 36.Qf2 Qb7
37.Rd2 Nd7 38.Qe2 Nc5 39.Rd1 Kh6 40.Qc4 Qb4 41.Qe2 Rg8 42.Qe3 Bd7 43.g3 hxg3
44.hxg3 Kg6 45.Na2 Qxb2 46.Rd2 Qb6 47.Rh2 Qxd6 48.Nc3 Qd4 49.Qe1 Kg7 50.Ne2 Qe3  0-1

[Event "Cannes op"]
[Site "Cannes"]
[Date "1989.??.??"]
[Round "?"]
[White "Kosten, Anthony C"]
[Black "Semkov, Semko"]
[Result "1-0"]
[WhiteElo "2505"]
[BlackElo "2460"]

1.e4 c5 2.Nf3 e6 3.d4 cxd4 4.Nxd4 Nc6 5.Nb5 d6 6.Bf4 e5 7.Be3 a6 8.N5c3 Nf6
9.Bc4 b5 10.Bb3 Be6 11.O-O Be7 12.Nd5 Bxd5 13.Bxd5 Nxd5 14.Qxd5 Rc8 15.Nc3 O-O
16.Rfd1 Nb4 17.Qd2 Nxc2 18.Qxc2 b4 19.Rd3 bxc3 20.Rxc3 Rxc3 21.Qxc3 Bg5 22.Bxg5 Qxg5
23.Qd3 Rc8 24.Rd1 h6 25.Qxd6 Rc2 26.Qb8+ Kh7 27.Qb3 Re2 28.Qxf7 Qd2 29.Rf1 Re1
30.Qf5+ g6 31.Qf7+ Kh8 32.g3 Rxf1+ 33.Kxf1 Qd3+ 34.Kg2 Qxe4+ 35.Qf3 Qc4 36.b3 Qe6
37.Qe4 h5 38.f4  1-0

[Event "DEN-chT8990"]
[Site "DEN"]
[Date "1989.??.??"]
[Round "2"]
[White "Berg, Klaus"]
[Black "Ost Hansen, Jacob"]
[Result "1-0"]
[WhiteElo "2410"]
[BlackElo "2425"]

1.e4 c5 2.Nf3 e6 3.d4 cxd4 4.Nxd4 Nc6 5.Nb5 d6 6.Bf4 e5 7.Be3 Nf6 8.Bg5 Be6
9.Nd2 Rc8 10.Nc4 Nd4 11.Nxd4 Bxc4 12.Bxf6 Qxf6 13.Nf5 d5 14.Qg4 Rd8 15.Bxc4 dxc4
16.O-O Bc5 17.Qxg7 Qxg7 18.Nxg7+ Kd7 19.Rfd1+ Kc6 20.Kf1 b5 21.Nf5 a5 22.Ke2 a4
23.f3 a3 24.b3 Bd4 25.Rac1 Bb2 26.Rxd8 Rxd8 27.Rd1 Rxd1  1-0

[Event "Gausdal Int"]
[Site "Gausdal"]
[Date "1989.??.??"]
[Round "?"]
[White "Westerinen, Heikki MJ"]
[Black "Plachetka, Jan"]
[Result "1/2-1/2"]
[WhiteElo "2435"]
[BlackElo "2430"]

1.e4 c5 2.Nf3 e6 3.d4 cxd4 4.Nxd4 Nc6 5.Nb5 d6 6.Bf4 e5 7.Be3 Nf6 8.Bg5 Be6
9.Nd2 a6 10.Bxf6 gxf6 11.Nc3 Rc8 12.Bd3 Rg8 13.O-O Bh3 14.g3 Bxf1 15.Bxf1 Bh6
16.Nc4 Nd4 17.Nd5 b5 18.Nce3 Bxe3 19.fxe3 Ne6 20.a4 Nc7 21.Nb4 f5 22.Bh3 f4
23.Nc6 Qf6 24.exf4 exf4 25.e5 Qh6 26.Qxd6 Qxd6 27.exd6 Ne6 28.Ne7 Kd7 29.Nxc8 Rxc8
30.axb5 axb5 31.Ra7+ Kxd6 32.Rxf7 fxg3 33.Rf6 gxh2+ 34.Kh1 Rxc2 35.Rxe6+ Kc5
36.Re5+ Kb4 37.Bd7 Rxb2 38.Rxb5+ Kc3 39.Rh5 Kd4 40.Bc6 Rb6 41.Bg2 h6 42.Kxh2 Rg6
43.Kh3 Rf6 44.Kg3 Rg6+ 45.Kf2 Rf6+ 46.Bf3 Rd6 47.Kg3 Rg6+ 48.Bg4 Rg5 49.Rxh6 Ke4
50.Rh1 Re5 51.Ra1 Ke3 52.Ra4 Re7 53.Rb4 Re8 54.Rb2 Re5 55.Rb6 Re7 56.Bf5 Rg7+
57.Bg6 Re7 58.Rb3+ Kd4 59.Kf4 Re1 60.Rd3+ Kc4 61.Be4 Rg1 62.Rd8 Rg7 63.Bf5 Re7
64.Rd1 Kc5 65.Be4 Rf7+ 66.Ke3 Rc7 67.Rd5+ Kc4  1/2-1/2

[Event "Gleisdorf"]
[Site "Gleisdorf"]
[Date "1989.??.??"]
[Round "1"]
[White "Wallner, Walter"]
[Black "Horvath, Tamas"]
[Result "1/2-1/2"]
[WhiteElo "2350"]
[BlackElo "2405"]

1.e4 c5 2.Nf3 e6 3.d4 cxd4 4.Nxd4 Nc6 5.Nb5 d6 6.c4 Nf6 7.N1c3 a6 8.Na3 b6
9.Be3 Qc7 10.Be2 Ne5 11.O-O Bb7 12.f3 Ned7 13.Qe1 Be7 14.Qf2 O-O 15.Rfd1 Rfe8
16.Rac1 Rac8 17.Kh1 Qb8 18.Nab1 Bd8 19.b4 Bc7 20.g3 Qa8 21.Kg1 Kh8 22.Nd2 d5
23.Na4 dxe4 24.fxe4 Qb8 25.Nxb6 Nxb6 26.Bxb6 Bxe4 27.Bxc7 Rxc7 28.b5 axb5
29.cxb5 Ra7 30.Nxe4 Nxe4 31.Qe3 Nf6 32.Rc2 Nd5 33.Qd4 Ra3 34.Rd3 Ra5 35.Rb3 f5
36.Bc4 Nb6 37.Bf1 e5 38.Qf2 f4 39.gxf4 exf4 40.Bg2 Rd8 41.Rd2 h6 42.Rb4 Rf8
43.Be4 Ra3 44.Qh4 Qc8 45.Bc6 Qf5 46.Rd8 f3 47.Rxf8+ Qxf8 48.Rd4 Rxa2 49.Qf4 f2+
50.Kf1 Qxf4 51.Rxf4 g5 52.Rxf2 Rxf2+ 53.Kxf2 Kg7 54.Kf3 Kf6 55.Ke4 h5 56.Be8 h4
57.Bc6 g4 58.Kf4 g3 59.hxg3 hxg3  1/2-1/2

[Event "EU-chT"]
[Site "Haifa"]
[Date "1989.??.??"]
[Round "3"]
[White "Wittmann, Walter"]
[Black "Morrison, Graham"]
[Result "1/2-1/2"]
[WhiteElo "2400"]
[BlackElo "2325"]

1.e4 c5 2.Nf3 e6 3.d4 cxd4 4.Nxd4 Nc6 5.Nb5 d6 6.Bf4 e5 7.Be3 Nf6 8.Bg5 Be6
9.Nd2 Be7 10.Bxf6 Bxf6 11.Nc4 O-O 12.Qxd6 Qc8 13.c3 Bxc4 14.Bxc4 Qg4 15.O-O Rad8
16.Qc7 Qxe4 17.b3 Qg4 18.Qxb7 Na5 19.Qxa7 Nxc4 20.bxc4 Qxc4 21.a4 Ra8 22.Qb7 Rfd8
23.Qb6 Rd7 24.a5 Bd8 25.Na3 Qxf1+ 26.Kxf1 Bxb6 27.axb6 Rb7 28.Rd1 Rxb6 29.Nc4 Rb5
30.Ne3 g6 31.g4 Rb2 32.g5 h5 33.Nc4 Rc2 34.Nxe5 Raa2 35.Nd3 Rxc3 36.Kg2 Rcc2
37.Rb1 Rd2 38.Rb3 Kg7 39.Kg3 Ra5 40.h4 Rd5 41.Nf4 Re5 42.Ra3 Re4 43.Ra6 Rd1
44.f3 Red4 45.Ra7 Rd7 46.Ra3 R7d2 47.Ra7 Rg1+ 48.Kh3 Re1 49.Kg3 Rg1+ 50.Kh3 Kf8
51.Rb7 Rf2 52.Rb3 Rd2 53.Re3 Rh1+ 54.Kg3 Rg1+ 55.Kh3 Rh1+ 56.Kg3 Rg1+  1/2-1/2

[Event "EU-chT"]
[Site "Haifa"]
[Date "1989.??.??"]
[Round "4"]
[White "Westerinen, Heikki MJ"]
[Black "Bellon Lopez, Juan Manuel"]
[Result "1-0"]
[WhiteElo "2435"]
[BlackElo "2450"]

1.e4 c5 2.Nf3 e6 3.d4 cxd4 4.Nxd4 Nc6 5.Nb5 d6 6.Bf4 e5 7.Be3 a6 8.N5c3 Nf6
9.Bc4 Be7 10.Nd5 Nxd5 11.Bxd5 O-O 12.Nd2 Nb4 13.Bb3 d5 14.exd5 Nxd5 15.Nc4 Be6
16.O-O Qc7 17.Bd2 b5 18.Ne3 Nxe3 19.Bxe3 Bxb3 20.axb3 Bc5 21.Bxc5 Qxc5 22.c3 h6
23.Qe2 Rfd8 24.b4 Qc7 25.h3 f6 26.Rfd1 Qc6 27.Rd3 Kf8 28.Rad1 Qc7 29.Qe4 Rac8
30.Qh7 Kf7 31.R1d2 Rxd3 32.Rxd3 Rd8 33.Rg3 Rg8 34.Qg6+ Ke7 35.Qxg7+  1-0

[Event "Leon"]
[Site "Leon"]
[Date "1989.??.??"]
[Round "?"]
[White "Sanz Alonso, Francisco Javier"]
[Black "Franco Ocampo, Zenon"]
[Result "1-0"]
[WhiteElo "2420"]
[BlackElo "2490"]

1.e4 c5 2.Nf3 e6 3.d4 cxd4 4.Nxd4 Nc6 5.Nb5 d6 6.c4 Nf6 7.N1c3 a6 8.Na3 b6
9.Be2 Bb7 10.f4 Nb8 11.Bf3 Nbd7 12.O-O Be7 13.Qe2 O-O 14.g4 h6 15.h4 Nh7
16.g5 hxg5 17.hxg5 e5 18.Qh2 exf4 19.Kf2 Bxg5 20.Rh1 Ndf6 21.Bxf4 Bxf4 22.Qxf4 Qe7
23.Rad1 Rfd8 24.Rd2 Qe5 25.Ke3 Qc5+ 26.Rd4 Nf8 27.Qh2 Ng6 28.Nc2 b5 29.cxb5 d5
30.bxa6 Bxa6 31.exd5 Rab8 32.Na4 Re8+ 33.Kd2 Qa7 34.Kc1 Rec8 35.Nc3 Bc4 36.d6 Qb6
37.Kd2 Be6 38.Rb4 Qc5 39.Rxb8 Rxb8 40.Kc1 Qb6 41.b3 Rc8 42.Kb2 Qa5 43.Qd2 Ne5
44.Be2 Ra8 45.Rh4 Rd8 46.Rd4 Nc6 47.Nb5 Qb6 48.Rf4 Qc5 49.Qe3 Qxe3 50.Nxe3 Ne8
51.Bc4 Nxd6 52.Bxe6 fxe6 53.Nxd6 Rxd6 54.Kc3 e5 55.Rg4 g6 56.a4 Kf7 57.b4 Kf6
58.b5 Nd4 59.Kc4 Nf5 60.Nd5+ Kf7 61.Kc5 Rd8 62.b6 Nd6 63.Kc6  1-0

[Event "Lugano op"]
[Site "Lugano"]
[Date "1989.??.??"]
[Round "7"]
[White "Antonio, Rogelio Jr"]
[Black "Vancini, Edoardo"]
[Result "1-0"]
[WhiteElo "2410"]
[BlackElo "2245"]

1.e4 c5 2.Nf3 e6 3.d4 cxd4 4.Nxd4 Nc6 5.Nb5 d6 6.c4 Nf6 7.N1c3 a6 8.Nd4 Be7
9.Be3 O-O 10.Be2 Bd7 11.O-O Qb8 12.f4 b5 13.cxb5 Nxd4 14.Bxd4 e5 15.Be3 exf4
16.Rxf4 Bxb5 17.Nxb5 axb5 18.Qb3 d5 19.exd5 Qe5 20.Bf3 Bd6 21.g3 Ra3 22.Bd4 Bc5
23.Qxa3 Bxd4+ 24.Rxd4 Qxd4+ 25.Kh1 Re8 26.Rd1 Qf2 27.d6 h5 28.Qc3 Re3 29.Qc8+ Kh7
30.Qf5+ g6 31.Qxf6 Rxf3 32.Qe5 Qc2 33.Qd5 Rf2 34.Kg1 Rxh2 35.Rf1 f5 36.d7 Rd2
37.d8=Q  1-0

[Event "Munich"]
[Site "Munich"]
[Date "1989.??.??"]
[Round "?"]
[White "Wahls, Matthias"]
[Black "Cebalo, Miso"]
[Result "1/2-1/2"]
[WhiteElo "2515"]
[BlackElo "2505"]

1.e4 c5 2.Nf3 e6 3.d4 cxd4 4.Nxd4 Nc6 5.Nb5 d6 6.Bf4 e5 7.Be3 Be6 8.N1c3 Be7
9.Be2 a6 10.Na3 Bg5 11.Bxg5 Qxg5 12.O-O Nge7 13.Nd5 Bxd5 14.exd5 Nd4 15.f4 Qh6
16.c3 Nxe2+ 17.Qxe2 O-O 18.fxe5 dxe5 19.Qxe5 Qb6+ 20.Kh1 Ng6 21.Qe2 Rad8
22.c4 Rfe8 23.Qf2 Qxf2 24.Rxf2 Re4 25.Rd2 Ne5 26.b3 f5 27.Nc2 Kf7 28.Nd4 Kf6
29.Rf1 g6 30.h3 h5 31.Ne6 Rc8 32.c5 Nd7 33.Rc1 Nb6 34.Rcc2 Nxd5 35.Rxd5 Rxe6
36.Kg1 Rcc6 37.Rcd2 a5 38.h4 Re5 39.Rd6+ Kf7 40.Rd7+ Re7 41.R2d5 Rxd7 42.Rxd7+ Kf6
43.Rxb7 Rxc5 44.Rb6+ Kf7 45.Ra6 Kg7 46.Kh2 f4 47.a4 Rc3 48.Rxa5 Rxb3 49.Rb5 Ra3
50.Rb4 f3  1/2-1/2

[Event "Naleczow op"]
[Site "Naleczow"]
[Date "1989.??.??"]
[Round "?"]
[White "Widera, Jan"]
[Black "Ksieski, Zbigniew"]
[Result "0-1"]
[WhiteElo "2265"]
[BlackElo "2365"]

1.e4 c5 2.Nf3 e6 3.d4 cxd4 4.Nxd4 Nc6 5.Nb5 d6 6.c4 Nf6 7.N1c3 a6 8.Na3 Be7
9.Be2 O-O 10.O-O b6 11.Be3 Bb7 12.Qb3 Nd7 13.Rfd1 Ra7 14.Rac1 Ba8 15.Rd2 Qb8
16.Qd1 Rd8 17.f3 Rc7 18.Qf1 Rcc8 19.Nc2 Re8 20.Kh1 Nf6 21.Rcd1 h6 22.Bg1 Ne5
23.Ne3 Ng6 24.Qf2 Bc6 25.Nc2 Nd7 26.Bf1 Red8 27.Nd4 Ba8 28.f4 Bh4 29.Qf3 Bf6
30.f5 Nh4 31.Qh3 exf5 32.Nxf5 Nxf5 33.Qxf5 Bxc3 34.bxc3 Nc5 35.e5 Ne4 36.Rd4 g6
37.Qh3 dxe5 38.Rd7 Bc6 39.R7d3 Kg7 40.Be3 Ng5 41.Qg3 Ne4 42.Bxh6+ Kf6 43.Qf3+ Ke7
44.Kg1 g5 45.Rxd8 Rxd8 46.Rxd8 Qxd8 47.Bxg5+ Nxg5 48.Qxc6 Ne6 49.g3 Qd2 50.Qxb6 Qxc3
51.Qf2 e4 52.Qe2 f5 53.Bh3 Nd4 54.Qf2 e3 55.Qg2 Qe1+ 56.Qf1 Qd2 57.Bg2 e2  0-1

[Event "Paris AECE"]
[Site "Paris"]
[Date "1989.??.??"]
[Round "1"]
[White "Abravanel, Chely"]
[Black "Belkhodja, Slim"]
[Result "1/2-1/2"]
[WhiteElo "2270"]
[BlackElo "2365"]

1.e4 c5 2.Nf3 e6 3.d4 cxd4 4.Nxd4 Nc6 5.Nb5 d6 6.c4 Nf6 7.N1c3 a6 8.Nd4 Be7
9.Be2 O-O 10.O-O Bd7 11.b3 Rc8 12.Bb2 Qb6 13.Nc2 Rfd8 14.Kh1 Ne5 15.Qd2 Bc6
16.f4 Ng6 17.f5 Ne5 18.fxe6 fxe6 19.Nd4 Bd7 20.Rad1 Rf8 21.Qe3 Nfg4 22.Bxg4 Nxg4
23.Qe2 Rxf1+ 24.Rxf1 Rf8 25.Rxf8+ Bxf8 26.Na4 Qa5 27.h3 Ne5 28.Nc3 Qd8 29.Nf3 Nxf3
30.Qxf3 Qf6 31.Qxf6 gxf6 32.Kg1 Bc6 33.Kf2 Bh6 34.Ke2 Kf7 35.b4 b5 36.cxb5 axb5
37.g3 Ke7 38.Kd3 Bg7 39.g4 Bh6 40.a4 bxa4 41.b5 Bb7 42.Nxa4 Bf4 43.Nb6 Bg3
44.Nc4 d5 45.Ba3+ Kd8 46.exd5 Bxd5 47.Bb2 f5 48.Bf6+ Ke8 49.gxf5 exf5 50.Ne5 Bg2
51.Ke2 Bxh3 52.Kf3  1/2-1/2

[Event "Royan op"]
[Site "Royan"]
[Date "1989.??.??"]
[Round "7"]
[White "Moingt, Jean Claude"]
[Black "Cabrilo, Goran"]
[Result "0-1"]
[WhiteElo "2300"]
[BlackElo "2510"]

1.e4 c5 2.Nf3 e6 3.d4 cxd4 4.Nxd4 Nc6 5.Nb5 d6 6.c4 Nf6 7.N1c3 a6 8.Na3 Be7
9.Be2 b6 10.Be3 O-O 11.O-O Ne5 12.Qb3 Ned7 13.Rfd1 Qc7 14.Rac1 Bb7 15.f3 Rac8
16.Kh1 Kh8 17.Qc2 Rg8 18.Qd2 h6 19.Bg1 g5 20.Bf1 Rg6 21.Qe3 Qb8 22.Qd4 Ba8
23.Nc2 h5 24.b4 Kh7 25.Na4 g4 26.Nxb6 Nxb6 27.Qxb6 gxf3 28.Qxb8 fxg2+ 29.Bxg2 Rxb8
30.Re1 Rbg8 31.Bf3 Rg4 32.h3 Rg3 33.Nd4 e5 34.Nf5 Rxh3+ 35.Bh2 Rxf3 36.Nxe7 Rf1+  0-1